<?xml version="1.0" encoding="UTF-8"?>
<marc:record xmlns:marc="http://www.loc.gov/MARC21/slim">
   <marc:leader>00000nam a2200000 a 4500</marc:leader>
   <marc:datafield ind1="1" ind2=" " tag="100">
      <marc:subfield code="a">Le, Van Bo</marc:subfield>
      <marc:subfield code="4">aut</marc:subfield>
      <marc:subfield code="e">Verfasser/-in</marc:subfield>
   </marc:datafield>
   <marc:datafield ind1=" " ind2=" " tag="653">
      <marc:subfield code="a">Karma</marc:subfield>
   </marc:datafield>
   <marc:datafield ind1=" " ind2=" " tag="653">
      <marc:subfield code="a">Kinderfragen</marc:subfield>
   </marc:datafield>
   <marc:datafield ind1=" " ind2=" " tag="653">
      <marc:subfield code="a">Lektion</marc:subfield>
   </marc:datafield>
   <marc:datafield ind1=" " ind2=" " tag="653">
      <marc:subfield code="a">Optimismus</marc:subfield>
   </marc:datafield>
   <marc:datafield ind1=" " ind2=" " tag="653">
      <marc:subfield code="a">Ted X</marc:subfield>
   </marc:datafield>
   <marc:datafield ind1=" " ind2=" " tag="653">
      <marc:subfield code="a">Softcover / Sachbücher/Philosophie</marc:subfield>
   </marc:datafield>
   <marc:datafield ind1=" " ind2=" " tag="653">
      <marc:subfield code="a">Religion</marc:subfield>
   </marc:datafield>
   <marc:datafield ind1=" " ind2=" " tag="653">
      <marc:subfield code="a">Erziehung</marc:subfield>
   </marc:datafield>
   <marc:datafield ind1=" " ind2=" " tag="653">
      <marc:subfield code="a">Hartz_VI-Möbel</marc:subfield>
   </marc:datafield>
   <marc:datafield ind1=" " ind2=" " tag="653">
      <marc:subfield code="a">Kindermund</marc:subfield>
   </marc:datafield>
   <marc:datafield ind1=" " ind2=" " tag="653">
      <marc:subfield code="a">Vater</marc:subfield>
   </marc:datafield>
   <marc:datafield ind1="0" ind2="0" tag="245">
      <marc:subfield code="a">Der kleine Professor</marc:subfield>
   </marc:datafield>
   <marc:datafield ind1="0" ind2="0" tag="245">
      <marc:subfield code="b">34 Dinge, die mich mein Sohn über das Leben, die Liebe und die Welt gelehrt hat</marc:subfield>
   </marc:datafield>
   <marc:datafield ind1="0" ind2="0" tag="245">
      <marc:subfield code="c">Van Bo Le-Mentzel</marc:subfield>
   </marc:datafield>
   <marc:datafield ind1=" " ind2="1" tag="264">
      <marc:subfield code="a">Wals bei Salzburg</marc:subfield>
      <marc:subfield code="b">ecowin</marc:subfield>
   </marc:datafield>
   <marc:datafield ind1=" " ind2=" " tag="250">
      <marc:subfield code="a">1. Auflage</marc:subfield>
   </marc:datafield>
   <marc:datafield ind1="1" ind2=" " tag="520">
      <marc:subfield code="a">Angaben aus der Verlagsmeldung

Der Kleine Professor : 50 Dinge, die mich mein Sohn über das Leben, die Liebe und die Welt gelehrt hat / von Van Bo Le-Mentzel

Kinder verändern das Leben von Grund auf. Sie bringen uns zum Lachen und zum Weinen.
Und Kinder lernen tagtäglich dazu. Aber: Was wäre, wenn wir mit unseren Kindern die Welt neu begriffen? Was wäre, wenn sie unseren Blick neu ausrichteten? Was wäre, wenn wir gemeinsam mit ihnen offener würden und im Innersten verstünden, was es heißt, ein Mensch zu werden und zu sein?
Für  Van Bo Le-Mentzel war die Geburt seines Sohnes ein solcher Augenblick. Er spürte sofort, dass dieser kleine Mensch ihm mehr über das Leben beibringen könnte als manches schlaue Buch. Also nahm er das Studium beim Kleinen Professor auf, und es vermittelte ihm ganz neue Einsichten in unseren Körper, unser Zusammenleben, in wirtschaftliche und wissenschaftliche Grundlagen bis hin zum großen Geheimnis unseres Universums.
Mit seiner den Menschen zugewandten Art gelingt es dem Architekten Van Bo Le-Mentzel immer wieder spannende Ideen zu entwickeln und verblüffende Zusammenhänge aufzuzeigen. Der Kleine Professor stellt nicht nur Fragen, auf die wir Erwachsene häufig keine Antwort haben. Es sind auch die Fragen, die uns alle bewegen.
</marc:subfield>
   </marc:datafield>
   <marc:datafield ind1=" " ind2=" " tag="020">
      <marc:subfield code="a">9783711001030</marc:subfield>
      <marc:subfield code="9">9783711001030</marc:subfield>
   </marc:datafield>
   <marc:datafield ind1=" " ind2=" " tag="020">
      <marc:subfield code="a">3711001033</marc:subfield>
      <marc:subfield code="9">3711001033</marc:subfield>
   </marc:datafield>
   <marc:datafield ind1=" " ind2=" " tag="041">
      <marc:subfield code="a">ger</marc:subfield>
   </marc:datafield>
   <marc:datafield ind1=" " ind2=" " tag="300">
      <marc:subfield code="a">159 Seiten</marc:subfield>
   </marc:datafield>
</marc:record>
